[Event "POL-chT Region"]
[Site "Poland"]
[Date "1999.??.??"]
[Round "?"]
[White "Waniek, Andrzej"]
[Black "Kaminski, Jacek"]
[Result "0-1"]
[WhiteElo "2125"]
[BlackElo "2121"]
[PlyCount "95"]
[EventDate "1999.??.??"]
[EventType "team"]
[EventRounds "13"]
[EventCountry "POL"]
[SourceTitle "EXT 2002"]
[Source "ChessBase"]
[SourceDate "2001.11.25"]
[SourceVersion "1"]
[SourceVersionDate "2001.11.25"]
[SourceQuality "1"]

1. d4 Nf6 2. c4 c5 3. d5 b5 4. cxb5 a6 5. e3 axb5 6. Bxb5 Qa5+ 7. Nc3 Bb7 8. Bd2 Qb6 9. Nge2 Nxd5 10. 0-0 e6 11. a4 Nb4 12. Nf4 Be7 13. Qg4 g5 14. Nh5 f5 15. Qg3 Qd6 16. Qxd6 Bxd6 17. e4 f4 18. e5 Be7 19. Rac1 Kf7 20. Rfe1 Kg6 21. Nf6 d5 22. Nb1 c4 23. b3 Nd3 24. bxc4 Nxc1 25. Rxc1 d4 26. c5 Bxf6 27. exf6 Nc6 28. Na3 Kxf6 29. Nc4 Ne5 30. Nb6 Bd5 31. Nxa8 Rxa8 32. Rb1 Be4 33. Rc1 Nc6 34. f3 Bd5 35. Kf2 e5 36. g3 g4 37. gxf4 Bxf3 38. fxe5+ Kxe5 39. Kg3 Kd5 40. Bf4 h5 41. Bd6 d3 42. Rc3 Be2 43. Bf4 Rf8 44. Ra3 h4+ 45. Kxh4 Rxf4 46. h3 gxh3+ 47. Kxh3 Nd4 48. Bxd3 0-1

[Event "POL-chT Region"]
[Site "Poland"]
[Date "1999.??.??"]
[Round "?"]
[White "Waniek, Andrzej"]
[Black "Michalczyk, Stanislaw"]
[Result "1-0"]
[WhiteElo "2125"]
[BlackElo "2155"]
[PlyCount "79"]
[EventDate "1999.??.??"]
[EventType "team"]
[EventRounds "13"]
[EventCountry "POL"]
[SourceTitle "EXT 2002"]
[Source "ChessBase"]
[SourceDate "2001.11.25"]
[SourceVersion "1"]
[SourceVersionDate "2001.11.25"]
[SourceQuality "1"]

1. d4 Nf6 2. c4 g6 3. Nc3 Bg7 4. e4 d6 5. Be2 0-0 6. Bg5 Na6 7. Qd2 e5 8. d5 Nc5 9. f3 a5 10. h4 Bd7 11. h5 c6 12. g4 cxd5 13. Nxd5 Ne6 14. Bh6 Nxd5 15. Bxg7 Nxg7 16. exd5 gxh5 17. 0-0-0 f5 18. gxh5 Qf6 19. h6 Ne8 20. f4 a4 21. a3 b5 22. fxe5 dxe5 23. c5 b4 24. Qxb4 Nc7 25. Qc3 Rab8 26. Nf3 e4 27. Qxf6 Rxf6 28. Ne5 Bb5 29. Rhg1+ Kh8 30. Bh5 Rbf8 31. d6 Ne6 32. d7 Nd8 33. Rd4 e3 34. Rb4 Nc6 35. Rxb5 Nxe5 36. Be8 Nc6 37. Rb6 Nd8 38. Kd1 Rxb6 39. cxb6 Rf6 40. Ke2 1-0